Microprocesadores intel : (Registro nro. 13436)
[ vista simple ]
| 000 -Cabecera | |
|---|---|
| Campo de control interno | 00586nam a2200181Ia 4500 |
| 005 - Fecha y hora del registro | |
| control field | 20260306164801.0 |
| 008 - Elementos de Longitud Fija | |
| fixed length control field | 260306t2006||||xx |||||||||||||| ||spa|| |
| 041 ## - Idioma | |
| Codigo Idioma | ESP |
| 082 ## - DEWEY y NOTACIÓN INTERNA | |
| Dewey | 004.16 |
| Notación Interna | B82 2006 |
| 100 ## - AUTOR | |
| Autor denominación | Brey, Barry B. |
| Término de relación | autor |
| 245 #0 - TÍTULO DE MATERIAL BIBLIOGRÁFICO | |
| Título | Microprocesadores intel : |
| Título paralelo | 8086/8088, 80186/80188, 80286, 80386, 80486, Pentium, Procesador Pentium Pro, Pentium II, Pentium III y Pentium 4. Arquitectura, Programación e Interfaz = The intel microprocessors |
| 260 ## - CIUDAD, EDITORIAL, AÑO | |
| Año | 2006 |
| 300 ## - DESCRIPCIÓN | |
| N° Páginas | |
| Dimensiones | |
| 650 ## - TEMAS | |
| Temas | Generalidades |
| 654 ## - PROGRAMAS | |
| Programa | |
| 942 ## - ELEMENTOS DE KOHA | |
| Tipo de documento | Libro |
| Nombre del creador | Justo Noguera |
| Código de catalogador | Justo Noguera |
| Esquema de clasificación | Dewey Decimal Classification |
| Suppress in OPAC | |
| Codigo completo | Registro | Colección | Copia número | Disponibilidad | Tipo de préstamo | Biblioteca Actual | Procedencia (Biblioteca) | Ubicacón | Fecha Ingreso | Tipo de Adquisición | Date last seen | Total checkouts | Date last checked out | Price effective from | Tipo de Item | Estado del Material | Fuente de Clasificación | Damaged status | Withdrawn status |
|---|---|---|---|---|---|---|---|---|---|---|---|---|---|---|---|---|---|---|---|
| 004.16 B82 2006 | 1004760 | Universidad Católica San Pablo | 2 | Disponible | Disponible | Víctor Andrés Belaunde | Víctor Andrés Belaunde | Segundo piso | 03/06/2026 | Compra | 18/03/2026 | 2 | 17/03/2026 | 06/03/2026 | Libro | Bueno | Dewey Decimal Classification |




